| 000 -LEADER |
| fixed length control field |
00320nam a22001217a 4500 |
| 008 - FIXED-LENGTH DATA ELEMENTS--GENERAL INFORMATION |
| fixed length control field |
250313b ||||| |||| 00| 0 eng d |
| 020 ## - INTERNATIONAL STANDARD BOOK NUMBER |
| International Standard Book Number |
9780711273733 |
| 082 ## - DEWEY DECIMAL CLASSIFICATION NUMBER |
| Classification number |
567 HUR |
| 100 ## - MAIN ENTRY--PERSONAL NAME |
| Personal name |
HURST,SARA |
| Relator term |
AUTHOR |
| 245 ## - TITLE STATEMENT |
| Title |
DINOSAURS |
| 260 ## - PUBLICATION, DISTRIBUTION, ETC. |
| Place of publication, distribution, etc. |
6 BLUNDELL STREET,LONDON N7 9BH,UNITED KINGDOM |
| Name of publisher, distributor, etc. |
IVY KIDS |
| Date of publication, distribution, etc. |
2018 |
| 942 ## - ADDED ENTRY ELEMENTS (KOHA) |
| Source of classification or shelving scheme |
|